000
00285nam a2200121Ia 4500
008
191201s2014 xx 000 0 und d
100
_a
SUBRAMANYA, K
245
0
_a
Engineering Hydrology
260
_a
N. delhi
_b
TMH
_c
2014
300
_a
534
650
_a
B.Tech(CE)
942
_2
ddc
_c
BK
_0
26
999
_c
6319
_d
6319